Praxis laboral & procesal laboral (Registro nro. 22166)

Detalles MARC
000 -Cabecera
Campo de control interno 00881nam a22002777a 4500
005 - Fecha y hora del registro
control field 20260407104543.0
008 - Elementos de Longitud Fija
fixed length control field 260331b |||||||| |||| 00| 0 spa d
022 ## - ISSN
ISSN 3119768X
041 ## - Idioma
Codigo Idioma ESP
082 ## - DEWEY y NOTACIÓN INTERNA
Dewey HR 348 MAR 2026
Notación Interna PLP
100 ## - AUTOR
Autor denominación ,
110 ## - AUTOR INSTTITUCIONAL
Autor Institucional Grupo Praxis
245 ## - TÍTULO DE MATERIAL BIBLIOGRÁFICO
Título Praxis laboral & procesal laboral
260 ## - CIUDAD, EDITORIAL, AÑO
Ciudad Lima :
Nombre de la Editorial Grupo Praxis,
Año 2026
300 ## - DESCRIPCIÓN
N° Páginas 256 páginas :
Otros detalles cuadros, gráficos ;
Dimensiones 25 cm.
440 ## - MENCIÓN DE SERIE
Título de la Serie Derecho laboral
505 ## - TABLA DE CONTENIDO
Tabla de Contenido Número 2, marzo 2026
650 ## - TEMAS
Temas Ciencias Sociales
653 ## - DESCRIPTORES
Lenguajes no controlado Derecho; Derecho laboral
654 ## - PROGRAMAS
Programa Dpto. de Derecho y Ciencia Política
700 ## - OTROS AUTORES
Otros autores ;
856 ## - URL - UBICACIÓN
URI/URL: Enlace exacto del recurso <a href="https://zonadelsuscriptor.praxisperu.pe/biblioteca/public/library.php">https://zonadelsuscriptor.praxisperu.pe/biblioteca/public/library.php</a>
Nota pública: Versión digital <a href="Versión digital">Versión digital</a>
856 ## - URL - UBICACIÓN
URI/URL: Enlace exacto del recurso <a href="https://itmsp.museknowledge.com/UCSP?groupID=2&action=source&sourceID=vLex_IP">https://itmsp.museknowledge.com/UCSP?groupID=2&action=source&sourceID=vLex_IP</a>
Nota pública: Versión digital <a href="Véase además: Base de datos Vlex">Véase además: Base de datos Vlex</a>
942 ## - ELEMENTOS DE KOHA
Tipo de documento Revista
Nombre del creador Justo Noguera
Código de catalogador Tania Ramirez
Suppress in OPAC No
Esquema de clasificación Dewey Decimal Classification
Existencias
Codigo completo Registro Colección Copia número Disponibilidad Tipo de préstamo Biblioteca Actual Procedencia (Biblioteca) Ubicacón Fecha Ingreso Tipo de Adquisición Observación Date last seen Total checkouts Price effective from Tipo de Item Estado del Material Fuente de Clasificación Damaged status Withdrawn status
HR 348 MAR 2026 PLP 1088251 Universidad Católica San Pablo 1 No disponible Proceso Víctor Andrés Belaunde Víctor Andrés Belaunde Planta baja abierta 31/03/2026 Suscripción Derecho 31/03/2026   31/03/2026 Revista Bueno Dewey Decimal Classification   Withdrawn